000 00380nam a22001697a 4500
005 20160531154337.0
008 160531b xxu||||| |||| 00| 0 eng d
020 _a81-7167584-0
041 _aeng
082 _b6424
100 _aSharma, G.D.
_91607
245 _aManagement and the Indian Ethos
260 _bRupe
300 _a128
650 _aManagement
_9241
942 _cBK
999 _c2267
_d2266